000 00578nam a22001817a 4500
999 _c187588
_d187588
005 20220425122001.0
010 _aENG-132385
020 _a9788121512695
_c795.00
035 _aEN-115917
037 _bDBAD/PUB
082 _a233
100 _aPandit, Moti Lal
245 _aThe Transcendental Non-Dualism of Trika Saivism/
_cMoti Lal Pandit
260 _aNew Delhi
_bMunshiram Manoharlal Publishers Pvt Ltd
_c2015
270 _bNew Delhi
_aPO Box 5715, 54 Rani Jhansi Road
_e110055
300 _avii, 268p.
_bIndex
_c22cm(hbk)
942 _2ddc
_cEN
_h233
_mPAN